| 000 | 00836nam a22002897a 4500 | ||
|---|---|---|---|
| 001 | 6580 | ||
| 003 | FISKH | ||
| 005 | 20250512143429.0 | ||
| 008 | 250512b cb ||||| |||| 00| 0 eng d | ||
| 020 | _a9780099439691 | ||
| 040 |
_aFISKH _beng _cFISKH _dFISKH |
||
| 050 | _aPZ7.B936 M | ||
| 082 | _a 823.914 | ||
| 100 |
_aBurningham, John _d(1936–2019) |
||
| 245 |
_aThe magic bed / _cJohn Burningham |
||
| 250 | _aThis edition first published in 2003 | ||
| 260 |
_aLondon : _bRed, _c2003 |
||
| 300 |
_a38 pages : _bcolor illustrations ; _c24 cm x 29 cm |
||
| 505 | _aG | ||
| 520 | _aGeorgie gets a new bed that takes him on magical adventures. | ||
| 521 | 8 |
_a380
_bLexile |
|
| 521 | 8 |
_aG
_bRaz-Plus |
|
| 650 |
_2Imagination _aMagic |
||
| 650 |
_2Picture book _aPick up books |
||
| 942 |
_2ddc _cBK _n0 |
||
| 999 |
_c6580 _d6580 |
||